000
00329 a2200109 4500
001
ART_11477
005
20260410161858.0
008
260409a
245
1
0
_a
Reseñando la crisis de la deuda latinoamericana
100
1
_a
Ferro, Gustavo
773
0
_t
Revista de Economía
_g
- Nº 69 (abr./jun. 1993)
_w
REV11077
999
_c
25612
_d
25612